000 00748cam a22001817a 4500
008 180718b2012 xxu||||| |||| 00| 0 eng d
020 _a9780199065097
082 _aT421x547 H27
100 _aHasan, Arif
245 _aFrom micro-finance to the building of local institutions:the origins and evolution of the micro -credit programme of the opp's orangi charitable trust, Karachi, Pakistan
_cby Arif Hasan and Mansoor Raza
260 _aNew York
_bOxford
_c2012
300 _a210p.
650 _aCharitable uses, trusts, and foundations --Pakistan --Karachi
650 _aEndowments --Pakistan --Karachi
650 _aMicrofinance --Pakistan --Karachi
650 _aOrangi Pilot Project --History
650 _aOrangi Charitable Trust --History
999 _c443182
_d443182